Normal view
MARC view
- Ahmad Zaki Abu Bakar,
Entry Personal Name
001 - CONTROL NUMBER
- control field: 7783
003 - CONTROL NUMBER IDENTIFIER
- control field: OSt
005 - DATE AND TIME OF LATEST TRANSACTION
- control field: 20170524130449.0
008 - FIXED-LENGTH DATA ELEMENTS
- fixed length control field: 170524|| aca||aabn | a|a d
040 ## - CATALOGING SOURCE
- Original cataloging agency: OSt
- Transcribing agency: OSt
100 ## - HEADING--PERSONAL NAME
- Personal name: Ahmad Zaki Abu Bakar,
- Dates associated with a name: 1956-
670 ## - SOURCE DATA FOUND
- Source citation: Work cat.: (OSt)0: Ahmad Zaki Abu Bakar, 1956- , Wira pesona Avatari /, 2000

PORTAL AKMAL
E-MEL JKDM
AKMAL2U
G-BAM
u-PUSTAKA